000 00690nam a22002177a 4500
999 _c330697
_d330697
001 4358372
003 NUST
005 20180116124517.0
008 900221r1989 pk 000 0 eng
010 _a 89932083
040 _aDLC
_cDLC
050 0 0 _aMLCM 95/12606 (D)
082 _a954.124
_bGAZ
245 0 0 _aGazetteer of the Bannu District, 1883-84.
246 1 7 _aPunjab gazetteer, Bannu District
260 _aLahore, Pakistan :
_bSang-e-Meel Publications,
_c1989.
300 _axii, 229 p. ;
_c25 cm.
500 _aPreviously published.
650 _aBannu- District Peshawar
_93665
906 _a7
_bcbc
_corignew
_d3
_encip
_f19
_gy-gencatlg
942 _2ddc
_cBK